[Event "GRE-ch U20 Girls"]
[Site "Chania"]
[Date "2017.01.03"]
[Round "2.2"]
[White "Vozinaki, Anthi Maria"]
[Black "Karathanasi, Eirhnh"]
[Result "1-0"]
[WhiteElo "1882"]
[BlackElo "1666"]
[PlyCount "103"]
[EventDate "2017.01.02"]
[EventType "swiss"]
[EventRounds "9"]
[EventCountry "GRE"]
[SourceTitle "EXT 2024"]
[Source "ChessBase"]
[SourceDate "2023.10.10"]
[SourceVersion "1"]
[SourceVersionDate "2023.10.10"]
[SourceQuality "1"]

1. e4 c5 2. Nf3 d6 3. d4 cxd4 4. Nxd4 Nf6 5. Nc3 a6 6. Bg5 e5 7. Nb3 Be7 8. Bxf6 Bxf6 9. Be2 0-0 10. 0-0 Be6 11. Nd5 Bxd5 12. Qxd5 Nc6 13. Rad1 Be7 14. c3 Qc8 15. a4 Kh8 16. Nd2 f5 17. Nc4 Qc7 18. exf5 Rad8 19. Ne3 Bg5 20. Kh1 Ne7 21. Qe4 Bxe3 22. fxe3 d5 23. Qc2 e4 24. Bg4 Rf6 25. Rf4 Rdf8 26. Rdf1 Qb6 27. Qf2 Qb3 28. Bd1 Qc4 29. g4 a5 30. Qe2 Qc5 31. Qd2 h6 32. Qd4 Qxd4 33. cxd4 Nc6 34. h4 Nb4 35. g5 Rd6 36. f6 gxf6 37. Rxf6 Rdxf6 38. gxf6 Kg8 39. Kg2 Kf7 40. Bh5+ Ke6 41. f7 Nc6 42. Rc1 Kd6 43. Rc5 b6 44. Rb5 Nd8 45. Rxb6+ Ke7 46. Rxh6 Nxf7 47. Rh7 Ke6 48. Bxf7+ Rxf7 49. Rxf7 Kxf7 50. Kg3 Kg7 51. Kf4 Kf6 52. h5 1-0

[Event "GRE-ch U14 Girls"]
[Site "Rio Achaia"]
[Date "2015.07.01"]
[Round "6.3"]
[White "Karathanasi, Eirhnh"]
[Black "Anthopoulou, Ioanna"]
[Result "1-0"]
[WhiteElo "1630"]
[BlackElo "1289"]
[PlyCount "147"]
[EventDate "2015.06.26"]
[EventType "swiss"]
[EventRounds "7"]
[EventCountry "GRE"]
[SourceTitle "EXT 2024"]
[Source "ChessBase"]
[SourceDate "2023.10.10"]
[SourceVersion "1"]
[SourceVersionDate "2023.10.10"]
[SourceQuality "1"]

1. e4 e5 2. Nf3 Nc6 3. Bc4 Bc5 4. Nc3 Nf6 5. d3 0-0 6. Bg5 h6 7. Bxf6 Qxf6 8. Nd5 Qd8 9. c3 d6 10. b4 Bb6 11. a4 a5 12. b5 Ne7 13. Nxe7+ Qxe7 14. h3 Be6 15. Bb3 c6 16. bxc6 bxc6 17. Rb1 Rab8 18. 0-0 Bxb3 19. Rxb3 Qb7 20. Rb1 Rfe8 21. Qc2 d5 22. exd5 cxd5 23. Rb5 e4 24. dxe4 dxe4 25. Nd4 Qc7 26. Qb2 Re5 27. Rxe5 Bxd4 28. Rb5 Rxb5 29. Qxb5 Qxc3 30. Qe8+ Kh7 31. Qxe4+ g6 32. Rd1 Be5 33. Qd3 Qb4 34. Qd5 Qf4 35. g3 Qf6 36. Qxa5 Qf3 37. Qd5 Qf6 38. a5 Bc3 39. a6 Qxa6 40. Qxf7+ Bg7 41. Rd8 h5 42. Rd7 Qa1+ 43. Kg2 Qa8+ 44. Kh2 Qa1 45. Qd5 Qb2 46. Kg2 Qb4 47. Rb7 Qc3 48. Qe4 Qf6 49. Rb5 Kh8 50. h4 Kg8 51. Rg5 Kf7 52. Qf3 Bh6 53. Qxf6+ Kxf6 54. Rb5 Ke6 55. Kf3 Kf6 56. Ke4 Ke6 57. Rb6+ Kf7 58. f4 Bg7 59. f5 gxf5+ 60. Kxf5 Bd4 61. Rb7+ Ke8 62. Kg6 Kd8 63. Kxh5 Kc8 64. Rh7 Kd8 65. g4 Ke8 66. g5 Kf8 67. g6 Kg8 68. Rd7 Bc3 69. Kg5 Kf8 70. h5 Kg8 71. h6 Kf8 72. g7+ Kg8 73. Rd8+ Kf7 74. g8Q+ 1-0

[Event "GRE-ch U14 Girls"]
[Site "Rio Achaia"]
[Date "2015.06.27"]
[Round "2.3"]
[White "Stratigi, Ioanna"]
[Black "Karathanasi, Eirhnh"]
[Result "0-1"]
[WhiteElo "1224"]
[BlackElo "1630"]
[PlyCount "107"]
[EventDate "2015.06.26"]
[EventType "swiss"]
[EventRounds "7"]
[EventCountry "GRE"]
[SourceTitle "EXT 2024"]
[Source "ChessBase"]
[SourceDate "2023.10.10"]
[SourceVersion "1"]
[SourceVersionDate "2023.10.10"]
[SourceQuality "1"]

1. d4 Nf6 2. Bf4 e6 3. Nf3 b6 4. e3 Bb7 5. Bd3 d6 6. c3 Be7 7. 0-0 Ne4 8. Nbd2 Nxd2 9. Nxd2 f5 10. e4 0-0 11. Qb3 fxe4 12. Qxe6+ Kh8 13. Bxe4 d5 14. Bxh7 Kxh7 15. Rfe1 Rxf4 16. Qxe7 Qxe7 17. Rxe7 Na6 18. Rd7 Raf8 19. f3 R4f7 20. Rxf7 Rxf7 21. Re1 Nb8 22. g3 Nc6 23. f4 Re7 24. Rxe7 Nxe7 25. g4 Bc8 26. h3 Ng6 27. f5 Nf4 28. h4 Nd3 29. b4 Nc1 30. a3 Ne2+ 31. Kh2 Nxc3 32. Nf3 Nb5 33. a4 Nc3 34. Ng5+ Kg8 35. Ne6 Bxe6 36. fxe6 Ne2 37. g5 Nxd4 38. e7 Kf7 39. h5 Kxe7 40. Kg3 Kf7 41. Kf4 Ne6+ 42. Ke5 Nxg5 43. Kxd5 Ne6 44. a5 bxa5 45. bxa5 c5 46. a6 Nc7+ 47. Kxc5 Nxa6+ 48. Kb5 Nc7+ 49. Ka5 Kf6 50. Kb4 Kg5 51. h6 gxh6 52. Kc5 a5 53. Kc4 h5 54. Kd4 0-1

[Event "GRE-ch U14 Girls"]
[Site "Greece"]
[Date "2014.07.07"]
[Round "6"]
[White "Karathanasi, Eirhnh"]
[Black "Anthopoulou, Ioanna"]
[Result "0-1"]
[WhiteElo "1403"]
[BlackElo "1317"]
[PlyCount "144"]
[EventDate "2014.07.04"]
[EventType "swiss"]
[EventRounds "9"]
[EventCountry "GRE"]
[SourceTitle "EXT 2017"]
[Source "ChessBase"]
[SourceDate "2016.10.25"]
[SourceVersion "1"]
[SourceVersionDate "2016.10.25"]
[SourceQuality "1"]

1. e4 e5 2. Nf3 Nc6 3. Bc4 Bc5 4. d3 Nf6 5. Nc3 d6 6. Bg5 h6 7. Bxf6 Qxf6 8. Nd5 Qd8 9. c3 Bg4 10. h3 Bh5 11. g4 Bg6 12. a3 Bb6 13. Qe2 0-0 14. 0-0-0 Re8 15. h4 Ne7 16. Nxe7+ Qxe7 17. h5 Bh7 18. Rhg1 Kh8 19. g5 c6 20. Qd2 hxg5 21. Nxg5 Rf8 22. Rh1 Rad8 23. Rde1 d5 24. exd5 cxd5 25. Ba2 d4 26. Nxh7 Kxh7 27. cxd4 Rc8+ 28. Kb1 Bxd4 29. f4 Qd6 30. fxe5 Bxe5 31. Ref1 Bf6 32. Rf3 Rc6 33. Rhf1 Rb6 34. Bc4 Qxa3 35. R3f2 Bxb2 36. Qxb2 Rxb2+ 37. Rxb2 Qe7 38. Rbf2 f6 39. Ra2 a6 40. Rb2 b5 41. Bd5 Qd6 42. Be4+ Kh8 43. Rf3 Qe5 44. Rf5 Qe6 45. Ra2 Rb8 46. Rc5 Rc8 47. Rxc8+ Qxc8 48. Rc2 Qd7 49. Rc6 a5 50. Ra6 f5 51. Bc6 Qxd3+ 52. Kb2 a4 53. Ra8+ Kh7 54. Rc8 a3+ 55. Kc1 Qc3+ 56. Kd1 Qb3+ 57. Ke2 a2 58. Ra8 Qb2+ 59. Kf3 a1Q 60. Rxa1 Qxa1 61. Bxb5 Qe5 62. Be2 f4 63. Bd3+ Kh6 64. Bg6 Qe3+ 65. Kg4 f3 66. Bf7 Qe2 67. Bd5 f2+ 68. Bf3 Qc4+ 69. Kg3 f1Q 70. Bg2 Qcf4+ 71. Kh3 Qd3+ 72. Bf3 Qdxf3# 0-1

[Event "GRE-ch U12 Girls"]
[Site "Patras"]
[Date "2013.07.09"]
[Round "2.3"]
[White "Anthopoulou, Ioanna"]
[Black "Karathanasi, Eirhnh"]
[Result "0-1"]
[WhiteElo "1295"]
[BlackElo "1367"]
[PlyCount "144"]
[EventDate "2013.07.08"]
[EventType "swiss"]
[EventRounds "9"]
[EventCountry "GRE"]
[SourceTitle "EXT 2024"]
[Source "ChessBase"]
[SourceDate "2023.10.10"]
[SourceVersion "1"]
[SourceVersionDate "2023.10.10"]
[SourceQuality "1"]

1. e4 e5 2. Nf3 Nc6 3. Bc4 Nf6 4. Nc3 Bc5 5. d3 d6 6. Bg5 h6 7. Be3 Bb6 8. h3 Be6 9. Bb3 0-0 10. Qd2 Bxe3 11. fxe3 d5 12. exd5 Nxd5 13. e4 Nxc3 14. Qxc3 Bxb3 15. Qxb3 Rb8 16. Rg1 Kh8 17. 0-0-0 f5 18. Rd2 Qf6 19. Rf2 fxe4 20. dxe4 Qf4+ 21. Kb1 Qxe4 22. Rgf1 Rfe8 23. Nd2 Qb4 24. Qxb4 Nxb4 25. Ne4 Kg8 26. Rd2 Rbd8 27. Re2 Rd5 28. h4 Nc6 29. g4 Red8 30. Ree1 Rf8 31. Rh1 Rf4 32. Nc3 Rd2 33. Reg1 Nd4 34. g5 Nf3 35. Rg3 Rxh4 36. Rxh4 Nxh4 37. gxh6 Rg2 38. Rxg2 Nxg2 39. hxg7 a6 40. Ne4 Kxg7 41. c3 b6 42. Kc2 Kg6 43. Kd3 Kf5 44. Nd2 Kf4 45. Ke2 e4 46. Nf1 e3 47. b3 c6 48. a3 c5 49. b4 cxb4 50. cxb4 Ke4 51. a4 Nf4+ 52. Ke1 b5 53. a5 Kd3 54. Ng3 e2 55. Kf2 Kc3 56. Nxe2+ Nxe2 57. Kxe2 Kxb4 58. Kd2 Kxa5 59. Kc2 Kb4 60. Kb2 a5 61. Kb1 Kc3 62. Kc1 b4 63. Kb1 b3 64. Kc1 b2+ 65. Kb1 a4 66. Ka2 Kc2 67. Ka3 b1Q 68. Kxa4 Kc3 69. Ka5 Kc4 70. Ka6 Kc5 71. Ka7 Kc6 72. Ka8 Qb7# 0-1